Aprender haciendo : 50 años de la Escuela de Agricultura y Ganadería. /
Guardado en:
| Autor Principal: | |
|---|---|
| Formato: | Libro |
| Idioma: | Undetermined |
| Publicado: |
Bahía Blanca :
EdiUns,
2001.
|
| Edición: | 1era ed. |
| Series: | Archivo de la Memoria de la Ciudad de Bahía Blanca
|
| Materias: | |
| Etiquetas: |
Agregar Etiqueta
Sin Etiquetas, Sea el primero en etiquetar este registro!
|
| LEADER | 00904nam a22002175a 4500 | ||
|---|---|---|---|
| 001 | CEM.cems025145 | ||
| 008 | 260430s2001####ag#a##########000#0#und#d | ||
| 005 | 20260511082151.0 | ||
| 245 | 1 | 0 | |a Aprender haciendo : |b 50 años de la Escuela de Agricultura y Ganadería. / |c José Marcilese; Marcelo C. Tedesco. |
| 250 | |a 1era ed. | ||
| 260 | |a Bahía Blanca : |b EdiUns, |c 2001. | ||
| 300 | |a 48 p. : |b il. ; |c 20 cm. | ||
| 490 | 1 | |a Archivo de la Memoria de la Ciudad de Bahía Blanca | |
| 500 | |a Esta publicación se realizó con el aporte de la Asociación Cooperadora de la Escuela de Agricultura y Gandería. | ||
| 020 | |a 9879281640 | ||
| 100 | 1 | |a Marcilese, José, |d 2001. | |
| 082 | 0 | 4 | |a 373.9821 |
| 653 | |a Bahía Blanca | ||
| 653 | |a Escuela Agricultura y Ganadería | ||
| 859 | |a CEMS |b BIB. CEMS - Agricultura |h 373.9821 |i M331 |p A4117.26 |t Ej.2 | ||
| 859 | |a CEMS |b BIB. CEMS - Agricultura |h 373.9821 |i M331 |p A4144.26 |t Ej.3 | ||
